000 00670nam a2200301Ia 4500
005 20260401122315.0
008 008 250103s9999 xx 000 0 eng d
020 _a826488161
037 _aTB
040 _aEDL
040 _beng
040 _cEDL
041 _2eng
041 _aeng
084 _a144.6 STE
084 _qEDL
100 _aStephen, Leslie
_9855468
245 0 _aEnglish Utilitarians
245 0 _cStephen, Leslie
260 _aNew York
260 _bContinuum International Publishing Group
260 _c2005
300 _a326p
942 _cTB
942 _h144.6 STE
999 _c1846395
_d1846395